Language Quiz

Random Language or Letter Quiz
Score 0/44 Timer 03:00
5 Plays Today
Word % Correct
eat
93.1%
ear
92.3%
eel
77.5%
egg
74.4%
ebb
73.3%
ewe
69.9%
eye
69.2%
ell
66.7%
end
59.7%
elm
59.5%
eve
58.7%
ere
56.2%
err
55%
elk
54.5%
eek
52.8%
elf
49.3%
eff
45.7%
est
45.7%
ess
43.9%
era
42.2%
eau
41.3%
eke
41.2%
Word % Correct
ego
40%
emu
39%
els
37.3%
eta
36.1%
ems
34.9%
eon
34.4%
ens
33.8%
erg
33.6%
emo
32.3%
ern
32.1%
eco
31.9%
eft
31.8%
ers
31.8%
eds
29.1%
eme
27.4%
eld
26.3%
eew
22.7%
efs
22.2%
eng
21.4%
ecu
19.9%
eth
17.3%
edh
11.6%
Remove Ads.
Support Sporcle.
Get the best of Sporcle when you Go Orange. This ad-free experience offers more features, more stats, and more fun while also helping to support Sporcle. Thank you for becoming a member.

You're not logged in!

Compare scores with friends on all Sporcle quizzes.
OR
Log In

Show Comments

Extras

Top Quizzes Today


Score Distribution

Your Account Isn't Verified!

In order to create a playlist on Sporcle, you need to verify the email address you used during registration. Go to your Sporcle Settings to finish the process.

Report this User

Report this user for behavior that violates our Community Guidelines.

Details: